Mgr. Dagmar Sliacka: "Múdre firmy by sa mali zamerať na komunikáciu medzi generáciami"
Rozhovor s odborníčkou na psychológiu v oblasti ľudských zdrojov, Dagmar Sliackou, o zamestnávateľoch, zamestnancoch, správnej komunikácii a motivácii ľudí rôznych generácií.
Enregistré dans:
| Auteur principal: | |
|---|---|
| Autres auteurs: | |
| Format: | Chapitre de livre |
| Langue: | slovaque |
| Sujets: | |
| Tags: |
Pas de tags, Soyez le premier à ajouter un tag!
|
MARC
| LEADER | 00000naa a2200000 4500 | ||
|---|---|---|---|
| 001 | 0151873 | ||
| 005 | 20230912101611.1 | ||
| 041 | 0 | |a slo | |
| 044 | |a SK | ||
| 245 | 1 | 0 | |a Mgr. Dagmar Sliacka: "Múdre firmy by sa mali zamerať na komunikáciu medzi generáciami" |c Mona Gáliková, Dagmar Sliacka |
| 520 | |a Rozhovor s odborníčkou na psychológiu v oblasti ľudských zdrojov, Dagmar Sliackou, o zamestnávateľoch, zamestnancoch, správnej komunikácii a motivácii ľudí rôznych generácií. | ||
| 610 | 2 | 0 | |a zdroje ľudské |
| 610 | 2 | 0 | |a potenciál ľudský |
| 610 | 2 | 0 | |a vzťahy medziľudské |
| 610 | 2 | 0 | |a problém generačný |
| 610 | 2 | 0 | |a procesy sociálne |
| 610 | 2 | 0 | |a vývoj spoločenský |
| 610 | 2 | 0 | |a komunikácia sociálna |
| 610 | 2 | 0 | |a komunikácia firemná |
| 610 | 2 | 0 | |a generácie |
| 100 | 1 | |a Gáliková, Mona | |
| 700 | 1 | |a Sliacka, Dagmar | |